طنز و مزاح / (Record no. 172219)

MARC details
000 -LEADER
fixed length control field 00592nam a22002177a 4500
005 - DATE AND TIME OF LATEST TRANSACTION
control field 20200129145442.0
010 ## - LCCN (DPL NO)
LC control number A-333730
020 ## - INTERNATIONAL STANDARD BOOK NUMBER
Terms of availability 50.00
035 ## - SYSTEM CONTROL NUMBER
System control number A-333730
037 ## - SOURCE OF ACQUISITION
Source of stock number/acquisition Cen Lib/Ret
082 ## - DEWEY DECIMAL CLASSIFICATION NUMBER
Classification number 847.09
245 ## - TITLE STATEMENT
Title طنز و مزاح /
Statement of responsibility, etc طاھر تونسوی
246 ## - VARYING FORM OF TITLE
Title proper/short title Tanz-O-Mizah (Urdu) /
Remainder of title by Tahir Tonasvi
260 ## - PUBLICATION, DISTRIBUTION, ETC. (IMPRINT)
Name of publisher, distributor, etc -
Place of publication, distribution, etc -
Date of publication, distribution, etc 1986 ء
300 ## - PHYSICAL DESCRIPTION
Extent 163p.
Dimensions 20cm(Hb)
650 ## - SUBJECT ADDED ENTRY--TOPICAL TERM
Topical term or geographic name as entry element ادب -- اردو
650 ## - SUBJECT ADDED ENTRY--TOPICAL TERM
Topical term or geographic name as entry element اردو ڈرامے
650 ## - SUBJECT ADDED ENTRY--TOPICAL TERM
Topical term or geographic name as entry element Literature -- Hindi
650 ## - SUBJECT ADDED ENTRY--TOPICAL TERM
Topical term or geographic name as entry element Urdu drame
942 ## - ADDED ENTRY ELEMENTS (KOHA)
Source of classification or shelving scheme Dewey Decimal Classification
Item type Urdu Bks
Classification part 847.09
Call number suffix ط ن ز
Holdings
Withdrawn status Lost status Not for loan Collection code Home library Current library Date acquired Source of acquisition Cost, normal purchase price Full call number Barcode Copy number Cost, replacement price Koha item type
      Non-fiction Central Library Central Library 29/01/2020 BPPD/Ven. 50.00 847.09 ط ن ز A-333730 1 50.00 Urdu Bks

© Delhi Public Library
Hit Counter
free hit counter